| 000 | 00428nam a2200157Ia 4500 | ||
|---|---|---|---|
| 008 | 240729s9999 xx 000 0 und d | ||
| 022 | _a1557-0703 | ||
| 245 | 0 | _aOccupational Therapy International | |
| 260 | _aUnited Kingdom | ||
| 260 | _bHindawi-Wiley | ||
| 650 | _a Therapeutics. Pharmacology | ||
| 650 | _aMedicine | ||
| 856 | _uhttps://doaj.org/toc/55ac5a539d4f4c38ae69ba437439a49f | ||
| 942 | _2ddc | ||
| 942 | _cDOAJEJ | ||
| 999 |
_c71518 _d71518 |
||
| 945 |
_a1 _bMadushi Gamage _c1 _dMadushi Gamage |
||